000 01067cam a2200325 4500
008 090401t1998 xxu||||| |||| 00| 0 eng d
020 _a0419242902
035 _a(Sirsi) u87371
041 _aeng
050 _a692.8
100 _aHughes, Will
245 _aFinancial protection in the UK building industry: bonds, retentions and guarantees.
260 _aLondon
_bE & F N Spon
_c1998
300 _axiv,189p. ; 24cm.
350 _a65
520 _aLooks at the legal and economic background to the problem of providing financial protection to clients to guard against poor performance and/or insolvency of contractors, consultants and sub-contractors
650 _aCLIENTS
650 _aCONSTRUCTION INDUSTRY
650 _aCONTRACTORS
650 _aINSOLVENCIES
650 _aPAYMENT
650 _aPERFORMANCE BONDS
650 _aRETENTION BONDS
650 _aRETENTION FUNDS
690 _aBUILT ENVIRONMENT-BUILDING CONTRACT FORMS
700 _aHillebrandt, Patricia M.
700 _aMurdoch, John
942 _n0
948 _c13/07/1998
999 _c97229
_d97229